书目信息 |
| 题名: |
中国第四纪冰川冰缘学术讨论会文集
|
|
| 作者: | ;中国地理学会冰川冻土分会 , 中国科学院兰州冰川冻土研究所 编 | |
| 分册: | ||
| 出版信息: | 北京 科学出版社 1985 |
|
| 页数: | 233页 | |
| 开本: | 26cm | |
| 丛书名: | ||
| 单 册: | ||
| 中图分类: | P343.6-53 | |
| 科图分类: | ||
| 主题词: | 冰川-第四纪--文集 , 第四纪-冰缘地貌--文集 , 第四纪-冰川--文集 , 冰缘地貌-第四纪--文集 | |
| 电子资源: | ||
| ISBN: | ||
| 000 | 00988nam0 2200277 45 | |
| 001 | 0185010229 | |
| 005 | 20061122111653.01 | |
| 010 | @dCNY4.40 | |
| 091 | @aCN@b13031.2932 | |
| 100 | @a19900904d1985 kemy0chiy0121 ea | |
| 101 | 0 | @achi |
| 102 | @aCN@b110000 | |
| 105 | @af z 100yy | |
| 200 | 10 | @a中国第四纪冰川冰缘学术讨论会文集@Azhong guo di si ji bing chuan bing yuan xue shu tao lun hui wen ji@f中国地理学会冰川冻土分会, 中国科学院兰州冰川冻土研究所编 |
| 210 | @a北京@c科学出版社@d1985 | |
| 215 | @a233页@c图@d26cm | |
| 606 | @a冰川-第四纪@x文集 | |
| 606 | @a第四纪-冰缘地貌@x文集 | |
| 606 | @a第四纪-冰川@x文集 | |
| 606 | @a冰缘地貌-第四纪@x文集 | |
| 690 | @aP343.6-53@v3 | |
| 711 | 02 | @a中国地理学会冰川冻土分会@Azhong guo di li xue hui bing chuan dong tu fen hui@4编 |
| 711 | 02 | @a中国科学院兰州冰川冻土研究所@Azhong guo ke xue yuan lan zhou bing chuan dong tu yan jiu suo@4编 |
| 801 | 2 | @aCN@bNLC@c20061122 |
| 801 | 0 | @aCN@bTSSF |
| 905 | @a10447@dP343.6-53@e30 | |
| 中国第四纪冰川冰缘学术讨论会文集/中国地理学会冰川冻土分会, 中国科学院兰州冰川冻土研究所编.-北京:科学出版社,1985 |
| 233页:图;26cm |
| ISBN :CNY4.40 |
| ● |
| 相关链接 |
|
|
|
|
正题名:中国第四纪冰川冰缘学术讨论会文集
索取号:P343.6-53/30
 
预约/预借
| 序号 | 登录号 | 条形码 | 馆藏地/架位号 | 状态 | 备注 |
| 1 | 0140391 | 000073663 | 第二样本阅览室/ [索取号:P343.6-53/30] | 在馆 |